| 000 | 00620nam a22001697a 4500 | ||
|---|---|---|---|
| 008 | 100617t xxu||||| |||| 00| 0 eng d | ||
| 020 | _a9773070514 | ||
| 082 |
_222 _a213 _bا ل و |
||
| 100 |
_914874 _aالألوري، آدم عبدالله |
||
| 245 |
_aالإسلام اليوم وغدا في نيجيريا / _cآدم عبدالله الألوري |
||
| 260 |
_aالقاهرة : _bمكتبة وهبه ، 1985 _c1985 |
||
| 300 |
_a180 ص؛ _c19 سم |
||
| 500 | _aإهداء علاء عبد الغني | ||
| 650 |
_914875 _aالإسلام _xدعوة |
||
| 650 |
_914875 _aالإسلام - دعوة |
||
| 942 |
_2ddc _cBB |
||
| 999 |
_c14113 _d14113 |
||